000 00372 a2200157 4500
001 60992
020 _a8502055054
040 _cAnchieta - Pituba
100 _aMartins, Rosana
240 1 0 _aAdmirável mundo MTV Brasil
_lpor
245 1 0 _aAdmirável mundo MTV Brasil
300 _a197
362 0 _a2006
650 4 _aComunicação / Comunicação social
942 _cBK
999 _c60992
_d60992